Districts of Arunachal Pradesh (map quiz) - Statistics

General Stats
  • This quiz has been taken 144 times
  • The average score is 13 of 20
Answers on the Map
Answers color-coded by a green-red scale on the quiz's map according to % correct below.
 
Answer Stats
Districts % Correct
Tawang
88%
West Kameng
77%
East Kameng
75%
East Siang
75%
Lower Subansiri
73%
Siang
73%
West Siang
71%
Upper Siang
69%
Upper Subansiri
69%
Lohit
67%
Upper Dibang Valley
67%
Tirap
62%
Lower Dibang Valley
60%
Anjaw
58%
Changlang
58%
Namsai
58%
Longding
56%
Papum Pare
56%
Kurung Kumey
48%
Kra Daadi
46%
No matching quizzes found
Score Distribution
Percent of People with Each Score
Percentile by Number Answered
Your Score History
You have not taken this quiz